000
00248nam a2200097Ia 4500
001
689795
005
20250826161804.0
008
250824s9999 xx 000 0 und d
245
0
_a
MEHDİX OLASILIK TEORİSİ
_c
TURGAY GÜLER
260
_b
HAYAT YAYINLARI
999
_c
689795
_d
689795